000 01419nam a2200397 i 4500
001 54709
003 KOSZ 005
005 20220111151043.0
008 080404s2008 pl a f f |001 0 pol
015 _aPB 2008/9318
020 _a9788320434019
040 _aWA N
_cWA N
_dKOSZ 005/HR
046 _k2006
080 _a615.9
080 _a(075.8)
245 0 0 _aPodstawy toksykologii :
_bkompendium dla studentów szkół wyższych : praca zbiorowa /
_cpod red. Jerzego K. Piotrowskiego ; [aut. Ewa Bem et al.].
250 _aWyd. 2.
260 _aWarszawa :
_bWydawnictwa Naukowo-Techniczne,
_c2008.
300 _a493, [1] s. :
_bil. ;
_c24 cm.
336 _2rdacontent
_aTekst
_btxt
337 _2rdamedia
_aBez urządzenia pośredniczącego
_bn
338 _2rdacarrier
_aWolumin
_bnc
380 _aKsiążki
380 _aPublikacje dydaktyczne
385 _mPoziom nauczania
_aSzkoły wyższe
388 _a2001-
504 _aBibliogr. przy rozdz. Indeks.
650 4 _aToksykologia
655 4 _aPodręczniki akademickie
658 _aMedycyna i zdrowie
700 1 _aPiotrowski, Jerzy Kazimierz
_d(1926-2004)
_eAutor
_eRedakcja
700 1 _aBem, Ewa
_c(toksykologia)
_eAutor
710 2 _aWydawnictwa Naukowo-Techniczne
_4pbl.
856 _uhttp://koha.tu.koszalin.pl/cgi-bin/koha/opac-detail.pl?biblionumber=54709
_yKatalog online BPK
942 _2UKD
_cKS
999 _c54709
_d54709